Statistics for これは何せん?(地理)

Click here to take the quiz!

General Stats

  • This quiz has been taken 82 times
  • The average score is 7 of 20

Answer Stats

HintAnswer% Correct
これを超えると日付が1日かわる日付変更線
93%
小淵沢と小諸を結ぶJR東日本の非電化単線路線小海線
84%
北に社会主義国家、南に資本主義国家があり1950年に始まった戦争が今も続いている半島の名前朝鮮
76%
2010年に開催された平城遷都1300年記念事業の公式マスコットキャラクターとして2008年に誕生し、2011年から奈良県の公式マスコットキャラクター(せんで終わるとは限りません)せんとくん
70%
香川県内には1つしかない、大規模な河川を表すもの一級河川
68%
東海交通事業で知られる枇杷島と勝川を結ぶ路線城北線
66%
後期中等教育段階を包含する5年制の高等教育機関高専
58%
西南日本を九州東部から関東へ横断する世界第一級の断層中央構造線
50%
フランス・ドイツ国境を中心に構築されたフランスの対ドイツ要塞線マジノ線
31%
剣淵町にあった元宗谷本線の駅東六線
27%
JR四国徳島線の愛称よしの川ブルーライン
23%
沖縄県、沖縄本島の中央部にあるアメリカ海兵隊の基地で恩納村、宜野座村、金武町の3つにまたがる(間に・を入れてください)キャンプ・ハンセン
23%
ドイツ西部、ノルトライン・ベストファーレン州の都市、クルップ製鉄所があり、人口は58万人エッセン
16%
子午線に対して直交する線卯酉線
9%
リュクサンブール駅からロバンソン駅、および途中のブール=ラ=レーヌ駅で分岐しサン=レミ=レ=シュヴルーズ駅までを結んでいた路線ソー線
4%
北極のノルウェーの探検家で、第一次世界大戦の避難民のための国際連盟リリーフプログラムのディレクターフリチョフ・ナンセン
1%
『旧約聖書』「創世記」にある、イスラエル人がエジプト脱出(エクソダス)前まで住んでいた、エジプト北部、ナイル川東部の肥沃(ヒヨク)なデルタ地帯ゴセン
0%
7世紀のイスラムの勃興からはビザンチン人がイスラム教徒一般をさす言葉としてこれを採用し,十字軍を通して西ヨーロッパにもこの呼称が広がったサラセン
0%
標高3478mの山でシエラネバダ山脈最高峰ムルアセン
0%
デンマーク人の民族学者で北極探検家ラスムッセン
0%

Score Distribution

Percentile by Number Answered

Percent of People with Each Score

Your Score History

You have not taken this quiz